Business, North Carolina

Bibliographic Details
Format: Unknown
Language:English
Published: [Charlotte, N.C.] : Shaw Communications
Subjects:
Online Access:Acceso a travš de vLex.

MARC

LEADER 00000ny a22000003n 4500
005 20110511121845.0
006 s r p s | a0
007 cr cnu---m|a|a
008 811022c1981 ncumr1p j 0 a0eng c
010 |a 83648095   |a sn 81002161 
022 |a 0279-4276 
035 |a 2942 
040 |a WaSeSS  |d vLex 
082 0 |a 338.09756  |2 19 
090 |c 1647  |d 1647 
245 0 0 |a Business, North Carolina  |h [Recurso electrn̤ico] 
256 |a Servicio en ln̕ea 
260 |a [Charlotte, N.C.] :  |b Shaw Communications 
310 |a Mensual 
506 1 |a Contenido solo disponible en los productos indicados  |d vLex Global  |d vLex Global (Academic Edition, excluding Law Schools)  |d vLex Global (Academic Edition, Law Schools) 
650 0 4 |a Industria  |z Carolina del Norte  |x Publicaciones perid̤icas 
740 0 |a vLex Revista (Servicios en ln̕ea) 
843 |a Electrn̤ica. Abierta 
853 |8 1  |i (year)  |j (month)  |k (day) 
856 4 0 |z Acceso a travš de vLex.   |u http://vlex.com/account/login_ip?fuente_id=2942  
942 |c REV 
999 0 |a Industries  |z North Carolina  |v Periodicals. 
999 0 |a North Carolina  |v Periodicals.